Sports Quiz

Random Sports or Hockey Quiz

IIHF Members on a Map Quiz Stats

Quiz not verified by Sporcle

Challenge
Share
Tweet
Score 0/70 Timer 10:00
0 Plays Today
% Correct
Argentina
100%
Brazil
100%
Canada
100%
Chile
100%
China
100%
Iceland
100%
India
100%
Mexico
100%
Russia
100%
USA
100%
Australia
98.7%
Finland
98.7%
Ireland
98.7%
Japan
98.7%
Mongolia
98.7%
New Zealand
98.7%
North Korea
98.7%
Norway
98.7%
South Korea
98.7%
Spain
98.7%
Sweden
98.7%
UK
98.7%
Czech Republic
97.4%
Germany
97.4%
Italy
97.4%
Portugal
97.4%
South Africa
97.4%
Austria
96.1%
Denmark
96.1%
France
96.1%
Kazakhstan
96.1%
Switzerland
96.1%
Turkey
96.1%
Estonia
94.8%
Hungary
94.8%
% Correct
Israel
94.8%
Latvia
94.8%
Netherlands
94.8%
Slovakia
94.8%
Ukraine
94.8%
Bulgaria
93.5%
Croatia
93.5%
Morocco
93.5%
Oman
93.5%
Romania
93.5%
Slovenia
93.5%
Belarus
92.2%
Lithuania
92.2%
Luxembourg
92.2%
Poland
92.2%
Thailand
92.2%
UAE
92.2%
Belgium
90.9%
Qatar
89.6%
Serbia
89.6%
Taiwan
89.6%
Bosnia and Herzegovina
87%
Macedonia
87%
Malaysia
87%
Jamaica
85.7%
Georgia
84.4%
Liechtenstein
84.4%
Azerbaijan
81.8%
Singapore
81.8%
Andorra
80.5%
Armenia
79.2%
Moldova
79.2%
Kuwait
77.9%
Kyrgyzstan
74%
Namibia
74%

You're not logged in!

Compare scores with friends on all Sporcle quizzes.
Sign Up with Email
OR
Log In

You Might Also Like...

Show Comments

Extras

Top Quizzes Today


Score Distribution

Your Account Isn't Verified!

In order to create a playlist on Sporcle, you need to verify the email address you used during registration. Go to your Sporcle Settings to finish the process.